|
|
|
|
| LEADER |
00864nam a22002657i 4500 |
| 001 |
001951219 |
| 003 |
CZ BrMZK |
| 005 |
20251020074235.0 |
| 007 |
ta |
| 008 |
251020s1904 gw a er|||||||||||ger d |
| 040 |
|
|
|a BOA001
|b cze
|e rda
|
| 100 |
1 |
|
|a Waegner, Anton
|4 aut
|
| 245 |
1 |
0 |
|a Über das Neodymoxyd /
|c von Anton
|
| 264 |
|
1 |
|a Hamburg ;
|a und Leipzig :
|b Verlag von Leopold Voss,
|c [1904]
|
| 300 |
|
|
|a Strana 119-126 :
|b ilustrace ;
|c 23 cm
|
| 336 |
|
|
|a text
|b txt
|2 rdacontent
|
| 337 |
|
|
|a bez média
|b n
|2 rdamedia
|
| 338 |
|
|
|a svazek
|b nc
|2 rdacarrier
|
| 504 |
|
|
|a Obsahuje bibliografické odkazy
|
| 787 |
0 |
8 |
|i Separát z:
|t Zeitschrift für anorganische Chemie,
|g Bd. XLII, 1904
|
| 910 |
|
|
|a BOA001
|b 2-0151.166
|
| 990 |
|
|
|a BK
|
| 993 |
|
|
|a Y
|
| 991 |
|
|
|b 202510
|
| 996 |
6 |
|
|b BC-2605883
|c 2-0151.166
|l MZK
|r Sklad / do 24 hodin
|n 0
|w 002022182
|u 000010
|a 1
|e BOA001
|j MZK50
|s P
|